00297nam a2200121Ia 45000030006000000080041000060400015000471000049000622450026001112600009001375460012001460050017001580STCL150530s9999 xx 000 0 und d aSTCLcSTCL aVirarughava Sarma, R.; Bhaskara Panikkar, P. aChemical calculations c1941 aEnglish20220125170239.0